| 000 -LEADER |
| fixed length control field |
01364nam a2200193Ia 4500 |
| 008 - FIXED-LENGTH DATA ELEMENTS--GENERAL INFORMATION |
| fixed length control field |
200103s 1967 ||||xx |||||||||||||| ||und|| |
| 082 ## - DEWEY DECIMAL CLASSIFICATION NUMBER |
| Classification number |
621 |
| Item number |
HAN |
| 100 ## - MAIN ENTRY--PERSONAL NAME |
| Personal name |
Hannah, John |
| 245 #0 - TITLE STATEMENT |
| Title |
Mechanical engineering science |
| 260 ## - PUBLICATION, DISTRIBUTION, ETC. (IMPRINT) |
| Name of publisher, distributor, etc |
Sir Isaac Pitman & Sons Ltd. |
| Date of publication, distribution, etc |
1967 |
| Place of publication, distribution, etc |
London |
| 300 ## - PHYSICAL DESCRIPTION |
| Extent |
viii, 405 p.: ill. |
| 504 ## - BIBLIOGRAPHY, ETC. NOTE |
| Bibliography, etc |
able of Contents<br/><br/>Preface.<br/>Note On SI Units.<br/>1. Statics.<br/>2. Moment. Couple And Torque<br/>3. Polygon Of Forces; Frameworks<br/>4. Friction<br/>5. Work And Power<br/>6. Machines<br/>7. Motion; Velocity And Acceleration<br/>8. Force Amd Acceleration<br/>9. Momentum And Energy<br/>10. Uniform Motion In A Circular Path; Satellites<br/>11. Stress And Strain<br/>12. Shear Force And Bending Moment<br/>13. Heat Engines<br/>14. Temperature And Heat<br/>15. Expansion And Compression Of Gases<br/>16. Fuels; Combustion, Energy Release<br/>17. Steam<br/>18. Energy, Heat And Work<br/>19. Heat Exchangers; Power Generation; Emissions<br/>20. The Prime Mover<br/>21. Fluids<br/>Index |
| 520 ## - SUMMARY, ETC. |
| Summary, etc |
Mechanical Engineering Science provides an introduction to the basic science and mechanics required by mechanical engineering students in their studies; it links in with and complements the authors' companion volume Applied Mechanics |
| 650 ## - SUBJECT ADDED ENTRY--TOPICAL TERM |
| Topical term or geographic name as entry element |
Mechanical engineering |
| 650 ## - SUBJECT ADDED ENTRY--TOPICAL TERM |
| Topical term or geographic name as entry element |
Heat exchangers |
| 650 ## - SUBJECT ADDED ENTRY--TOPICAL TERM |
| Topical term or geographic name as entry element |
Polygon of forces |
| 700 ## - ADDED ENTRY--PERSONAL NAME |
| Personal name |
Hillier, M. J. |
| Relator term |
Co-author |
| 942 ## - ADDED ENTRY ELEMENTS (KOHA) |
| Item type |
Books |